000 00918nas a2200289 4500
001 BR0403401
003 BR-BrBNA
005 20231205104649.0
007 ta
008 230509b bl.|||p| |||| 00| 00por d
040 _aBR-BrBNA
_bpor
_cBiblioteca Nacional de Agricultura
041 _a(Pt)
072 _aS01; E50
100 1 _aFroes, J.C.
100 1 _aSilveira Junior, P.
100 1 _aMaffia, L.M.
100 1 _aCastro, L.M.B. de
100 1 _aGuerrero, S.J.
245 1 _aRelações entre variáveis sócio-econômicas e consumo alimentar dos trabalhadores rurais da região cacaueira da Bahia
650 _aCONSUMO ALIMENTAR
650 _aTRABALHADOR RURAL
650 _aCACAU
650 _aBAHIA
773 0 _tOIKOS - Revista Brasileira de Economia Doméstica (Brazil)
_xISSN 0101-5273
_g(1981), v. 1(1) p. 27-34
_wBR0403401
909 _a202311
_bLúcia
_c55
_dLúcia Elande
942 _2AGRIS
_n0
_cANA
999 _c179174
_d179174